000
00237 a2200097 4500
001
52656
100
_a
Govt of Pakistan
245
_a
Pakistan Economic Survey 1982-83
260
_a
Islamabad
_b
Govt of Pakistan
_c
090
_c
33126
_d
33126
942
_a
NUST-CAE
_c
M
_c
25699
999
_c
287729
_d
287729